000
00363nam a2200169Ia 4500
003
0100
008
130303s9999 xx 000 0 und d
040
_c
ARRUPELIB
050
_a
PR4588.O2 1972
100
_a
Dickens, Charles
245
4
_a
The Curiosity Shop
260
_a
London
260
_b
Penguin Books
260
_C
1972
300
_a
719p
942
0
0
_0
2
999
_c
31639
_d
31639